00564nam a2200217 a 450000100060000000300090000600800410001502000150005604000280007108200090009910000220010824500420013025000070017226000280017930000110020749000390021850000290025765000190028665000220030565000190032720177CO-ViMGA141112s2004 ck r 000 u spa d a8434867332 aCO-ViMGAbspacCO-ViMGA04aPLAd1 aPlaza, Jose Maria10aDe todo corazón, 111 poemas de amor a10 aMadrid : bS.M., c1998 a205 p.0 aEl barco de vapor, Serie Roja; 115 aA partir de 12 años. 14aPOEMAS DE AMOR14aPOESIA ESPAÑOLA14aPOESIA JUVENIL